Al quran-ul-hakim alongwith terjama-o-tafseer (Record no. 567732)

000 -LEADER
fixed length control field 00469nam a22001697a 4500
003 - CONTROL NUMBER IDENTIFIER
control field CEME
005 - DATE AND TIME OF LATEST TRANSACTION
control field 20210628201926.0
008 - FIXED-LENGTH DATA ELEMENTS--GENERAL INFORMATION
fixed length control field 210129b xxu||||| |||| 00| 0 eng d
040 ## - CATALOGING SOURCE
Transcribing agency .
082 ## - DEWEY DECIMAL CLASSIFICATION NUMBER
Classification number 297.122 QUR
100 ## - MAIN ENTRY--PERSONAL NAME
Personal name Thanvi, Muhammad Ashraf Ali. Moulana
9 (RLIN) 57453
245 ## - TITLE STATEMENT
Title Al quran-ul-hakim alongwith terjama-o-tafseer
260 ## - PUBLICATION, DISTRIBUTION, ETC.
Place of publication, distribution, etc. LAHORE
Name of publisher, distributor, etc. TAJ COMPANY
Date of publication, distribution, etc. 2004
300 ## - PHYSICAL DESCRIPTION
Extent 313P
650 ## - SUBJECT ADDED ENTRY--TOPICAL TERM
Topical term or geographic name entry element ISLAM-QURAN WITH TERJAMA-O-TAFSEER
9 (RLIN) 57454
942 ## - ADDED ENTRY ELEMENTS (KOHA)
Koha item type Book
Source of classification or shelving scheme
Holdings
Withdrawn status Lost status Source of classification or shelving scheme Damaged status Not for loan Permanent Location Current Location Shelving location Date acquired Total Checkouts Full call number Barcode Date last seen Price effective from Koha item type
          College of Electrical & Mechanical Engineering (CEME) College of Electrical & Mechanical Engineering (CEME) General Stacks 03/05/2025   297.122 QUR CEME- 39628 03/05/2025 03/05/2025 Book
          College of Electrical & Mechanical Engineering (CEME) College of Electrical & Mechanical Engineering (CEME) General Stacks 03/05/2025   297.122 QUR CEME- 39629 03/05/2025 03/05/2025 Book
          College of Electrical & Mechanical Engineering (CEME) College of Electrical & Mechanical Engineering (CEME) General Stacks 03/05/2025   297.122 QUR CEME- 39630 03/05/2025 03/05/2025 Book
          College of Electrical & Mechanical Engineering (CEME) College of Electrical & Mechanical Engineering (CEME) General Stacks 03/05/2025   297.122 QUR CEME- 39631 03/05/2025 03/05/2025 Book
© 2023 Central Library, National University of Sciences and Technology. All Rights Reserved.